| 000 | 00475nam a2200181 a 4500 | ||
|---|---|---|---|
| 001 | 2086 | ||
| 003 | CDMR | ||
| 005 | 20131022140724.0 | ||
| 008 | 130130s1982||||||||||||||||||||||||||||d | ||
| 020 | _a8474423155 | ||
| 040 |
_aCDMR _bcat _cCDMR |
||
| 100 | 1 |
_aTorán, Luís Enrique _91550 |
|
| 245 | 1 | 3 |
_aLa información en TV _cL. Enrique Torán |
| 260 |
_aBarcelona _c1982 _bMitre |
||
| 490 | 0 | _aTextos de periodismo | |
| 650 | 0 | 4 |
_93706 _aPeriodisme audiovisual |
| 942 |
_cMON _2udc |
||
| 999 |
_c2086 _d2086 |
||